<?xml version="1.0" encoding="UTF-8"?><marc:collection xmlns:marc="http://www.loc.gov/MARC21/slim">
  <marc:record>
    <marc:leader>00000nam  2200000za 4500</marc:leader>
    <marc:controlfield tag="001">9.828258</marc:controlfield>
    <marc:controlfield tag="003">CaOODSP</marc:controlfield>
    <marc:controlfield tag="005">20250403105823</marc:controlfield>
    <marc:controlfield tag="007">cr |||||||||||</marc:controlfield>
    <marc:controlfield tag="008">161123k19021906onc    #os   f001 0 fre d</marc:controlfield>
    <marc:datafield tag="040" ind1=" " ind2=" ">
      <marc:subfield code="a">CaOODSP</marc:subfield>
      <marc:subfield code="b">fre</marc:subfield>
    </marc:datafield>
    <marc:datafield tag="041" ind1=" " ind2=" ">
      <marc:subfield code="a">eng</marc:subfield>
      <marc:subfield code="a">fre</marc:subfield>
    </marc:datafield>
    <marc:datafield tag="043" ind1=" " ind2=" ">
      <marc:subfield code="a">n-cn---</marc:subfield>
    </marc:datafield>
    <marc:datafield tag="045" ind1=" " ind2=" ">
      <marc:subfield code="a">x0x0</marc:subfield>
    </marc:datafield>
    <marc:datafield tag="086" ind1="1" ind2=" ">
      <marc:subfield code="a">CS98-1901-PDF</marc:subfield>
      <marc:subfield code="z">CS98-1901 (F)</marc:subfield>
    </marc:datafield>
    <marc:datafield tag="245" ind1="0" ind2="0">
      <marc:subfield code="a">Fourth census of Canada 1901 </marc:subfield>
      <marc:subfield code="h">[ressource électronique]. </marc:subfield>
    </marc:datafield>
    <marc:datafield tag="246" ind1="1" ind2="5">
      <marc:subfield code="a">Quatrième recensement du Canada 1901</marc:subfield>
    </marc:datafield>
    <marc:datafield tag="246" ind1="3" ind2="6">
      <marc:subfield code="a">Rapport du quatrième recensement du Canada, 1901</marc:subfield>
    </marc:datafield>
    <marc:datafield tag="260" ind1=" " ind2=" ">
      <marc:subfield code="a">Ottawa : </marc:subfield>
      <marc:subfield code="b">[Bureau du recensement, Department de l'agriculture], </marc:subfield>
      <marc:subfield code="c">1902-1906.</marc:subfield>
      <marc:subfield code="e">(Ottawa : </marc:subfield>
      <marc:subfield code="f">S.E. Dawson)</marc:subfield>
    </marc:datafield>
    <marc:datafield tag="300" ind1=" " ind2=" ">
      <marc:subfield code="a">4 v. (xxiii, xxiv, 513; xcviii, 444; lxxviii, lxxxiii, 384; vi, vi, 467 p.)  </marc:subfield>
    </marc:datafield>
    <marc:datafield tag="500" ind1=" " ind2=" ">
      <marc:subfield code="a">Titre de la p. de t. addit. : Quatrième recensement du Canada 1901.</marc:subfield>
    </marc:datafield>
    <marc:datafield tag="500" ind1=" " ind2=" ">
      <marc:subfield code="a">En majeure partie des tableaux.</marc:subfield>
    </marc:datafield>
    <marc:datafield tag="500" ind1=" " ind2=" ">
      <marc:subfield code="a">Errata inséré.</marc:subfield>
    </marc:datafield>
    <marc:datafield tag="500" ind1=" " ind2=" ">
      <marc:subfield code="a">Publication du recensement historique numérisée en 2009 par Statistique Canada.</marc:subfield>
    </marc:datafield>
    <marc:datafield tag="504" ind1=" " ind2=" ">
      <marc:subfield code="a">Comprend des index.</marc:subfield>
    </marc:datafield>
    <marc:datafield tag="505" ind1="0" ind2=" ">
      <marc:subfield code="a">v. 1. Population -- v. 2. Products naturels -- v. 3. Manufactures -- v. 4. Statistiques vitales, fréquentation des écoles, degré d'instruction, demeures et familles institutions,  églises et écoles, districts électoraux et représentation.</marc:subfield>
    </marc:datafield>
    <marc:datafield tag="520" ind1="2" ind2=" ">
      <marc:subfield code="a">« On a fait le recensement de 1891 avec neuf tableaux contenant 216 questions, et le recensement de 1901 avec onze tableaux contenant 561 questions ... Les tableaux du second volume du recensement de 1901 concernent les industries naturelles du Canada, dont les produits sont classifiés sous les titres généraux de--Agriculture, Minéraux et Pêcheries. Les produits de la laiterie et de la forêt sont groupés avec ceux de l'agriculture. ... Les tableaux du troisième volume du recensement de 1901 ont trait aux manufactures du Canada, et n'ont rapport qu'aux établissements industriels employant cinq personnes et plus. ... Les tableaux du quatrième et dernier volume du recensement de 1901 ont rapport aux âges, aux infirmités, à la mortalité et à l'augmentation naturelle de la population, ainsi qu'à la fréquentation des écoles, au degré d'instruction, aux demeures et familles, aux institutions, églises et écoles, aux districts électoraux et à la représentation du pays en parlement »--Cf Introd.</marc:subfield>
    </marc:datafield>
    <marc:datafield tag="546" ind1=" " ind2=" ">
      <marc:subfield code="a">Texte en anglais et en français. Texte en français suit le texte anglais.</marc:subfield>
    </marc:datafield>
    <marc:datafield tag="692" ind1="0" ind2="7">
      <marc:subfield code="2">gccst</marc:subfield>
      <marc:subfield code="a">Recensement</marc:subfield>
    </marc:datafield>
    <marc:datafield tag="710" ind1="1" ind2=" ">
      <marc:subfield code="a">Canada. </marc:subfield>
      <marc:subfield code="b">Department of Agriculture.</marc:subfield>
    </marc:datafield>
    <marc:datafield tag="710" ind1="2" ind2=" ">
      <marc:subfield code="a">Statistique Canada.</marc:subfield>
    </marc:datafield>
    <marc:datafield tag="740" ind1="0" ind2=" ">
      <marc:subfield code="a">Quatrième recensement du Canada 1901.</marc:subfield>
      <marc:subfield code="n">Volume I</marc:subfield>
      <marc:subfield code="p">Population</marc:subfield>
    </marc:datafield>
    <marc:datafield tag="740" ind1="0" ind2=" ">
      <marc:subfield code="a">Quatrième recensement du Canada 1901.</marc:subfield>
      <marc:subfield code="n">Volume II</marc:subfield>
      <marc:subfield code="p">Products naturels </marc:subfield>
    </marc:datafield>
    <marc:datafield tag="740" ind1="0" ind2=" ">
      <marc:subfield code="a">Quatrième recensement du Canada 1901.</marc:subfield>
      <marc:subfield code="n">Volume III</marc:subfield>
      <marc:subfield code="p">Manufactures</marc:subfield>
    </marc:datafield>
    <marc:datafield tag="740" ind1="0" ind2=" ">
      <marc:subfield code="a">Quatrième recensement du Canada 1901.</marc:subfield>
      <marc:subfield code="n">Volume IV</marc:subfield>
      <marc:subfield code="p">Statistiques vitales, fréquentation des écoles, degré d'instruction, demeures et familles institutions,  églises et écoles, districts électoraux et représentation.</marc:subfield>
    </marc:datafield>
    <marc:datafield tag="791" ind1=" " ind2=" ">
      <marc:subfield code="t">Fourth census of Canada 1901 </marc:subfield>
      <marc:subfield code="e">eng</marc:subfield>
      <marc:subfield code="w">(CaOODSP)9.828248</marc:subfield>
    </marc:datafield>
    <marc:datafield tag="856" ind1="4" ind2="0">
      <marc:subfield code="q">PDF</marc:subfield>
      <marc:subfield code="s">26.90 Mo</marc:subfield>
      <marc:subfield code="u">https://publications.gc.ca/collections/collection_2016/statcan/CS98-1901-1.pdf</marc:subfield>
      <marc:subfield code="z">v. 1</marc:subfield>
    </marc:datafield>
    <marc:datafield tag="856" ind1="4" ind2="0">
      <marc:subfield code="q">PDF</marc:subfield>
      <marc:subfield code="s">33.51 Mo</marc:subfield>
      <marc:subfield code="u">https://publications.gc.ca/collections/collection_2016/statcan/CS98-1901-2.pdf</marc:subfield>
      <marc:subfield code="z">v. 2</marc:subfield>
    </marc:datafield>
    <marc:datafield tag="856" ind1="4" ind2="0">
      <marc:subfield code="q">PDF</marc:subfield>
      <marc:subfield code="s">30.74 Mo</marc:subfield>
      <marc:subfield code="u">https://publications.gc.ca/collections/collection_2016/statcan/CS98-1901-3.pdf</marc:subfield>
      <marc:subfield code="z">v. 3</marc:subfield>
    </marc:datafield>
    <marc:datafield tag="856" ind1="4" ind2="0">
      <marc:subfield code="q">PDF</marc:subfield>
      <marc:subfield code="s">23.40 Mo</marc:subfield>
      <marc:subfield code="u">https://publications.gc.ca/collections/collection_2016/statcan/CS98-1901-4.pdf</marc:subfield>
      <marc:subfield code="z">v. 4</marc:subfield>
    </marc:datafield>
  </marc:record>
</marc:collection>
